50 villes les plus peuplées du Limousin avec une carte - Statistiques

Statistiques générales
  • Ce quiz a été pris 41 fois
  • Le résultat moyen est 19 sur 50
Réponses sur la Carte
Les réponses sont colorées sur une échelle allant du rouge au vert en fonction du pourcentage des utilisateurs qui les ont devinées à leur premier essai. Vous pouvez retrouver ces pourcentages ci-dessous.
 
Statistiques - réponses
Réponse % Correct
Limoges
100%
Guéret
87%
Tulle
83%
Brive-la-Gaillarde
80%
Aubusson
77%
La Souterraine
73%
Saint-Junien
67%
Ussel
67%
Bellac
63%
Uzerche
63%
Rochechouart
60%
Isle
53%
Panazol
53%
Saint-Yrieix-la-Perche
53%
Malemort
50%
Couzeix
47%
Egletons
47%
Argentat
40%
Saint-Léonard-de-Noblat
40%
Aixe-sur-Vienne
37%
Bort-les-Orgues
37%
Ambazac
33%
Bourganeuf
33%
Condat-sur-Vienne
33%
Feytiat
30%
Verneuil-sur-Vienne
30%
Le Palais-sur-Vienne
27%
Meymac
27%
Sainte-Feyre
27%
Saint-Pantaléon-de-Larche
27%
Allassac
23%
Boisseuil
23%
Objat
23%
Bessines-sur-Gartempe
20%
Lubersac
20%
Nexon
20%
Oradour-sur-Glane
20%
Saint-Priest-Taurion
20%
Donzenac
17%
Le Vigen
17%
Naves
17%
Rilhac-Rancon
17%
Ussac
17%
Bosmie-l'Aiguille
13%
Veyrac
13%
Saint-Just-le-Martel
10%
Chaptelat
7%
Cosnac
7%
Saint-Gence
7%
Varetz
7%
Aucun quiz correspondant
Distribution des résultats
% des personnes avec chaque résultat
Percentile par nombre de réponses
Votre historique - résultats
Vous n’avez pas pris ce quiz